PRINCE AHMED AND THE PRINCESS (Record no. 73686)

MARC details
000 -LEADER
fixed length control field 00338nam a2200133Ia 4500
008 - FIXED-LENGTH DATA ELEMENTS--GENERAL INFORMATION
fixed length control field 090123s9999 xx 000 0 und d
082 ## - DEWEY DECIMAL CLASSIFICATION NUMBER
Item number 35619
245 ## - TITLE STATEMENT
Title PRINCE AHMED AND THE PRINCESS
250 ## - EDITION STATEMENT
Edition statement 0
260 ## - PUBLICATION, DISTRIBUTION, ETC. (IMPRINT)
Name of publisher, distributor, etc ARORA BOOK CO.
630 ## - SUBJECT ADDED ENTRY--UNIFORM TITLE
Uniform title PRINCE AHMED AND THE PRINCESS
730 ## - ADDED ENTRY--UNIFORM TITLE
Uniform title PRINCE AHMED AND THE PRINCESS
942 ## - ADDED ENTRY ELEMENTS (KOHA)
Koha item type Book
Holdings
Withdrawn status Lost status Damaged status Not for loan Home library Current library Date acquired Cost, normal purchase price Total Checkouts Full call number Barcode Date last seen Cost, replacement price Price effective from Koha item type
        Jawahar Wachalanalaya, Kalwa Jawahar Wachalanalaya, Kalwa 09/15/2003 0.00   35619 KLW-35619 01/23/2009 0.00 01/23/2009 Book